书目信息 |
| 题名: |
第二性
|
|
| 作者: | 波伏瓦 著 ;郑克鲁 译 | |
| 分册: | Ⅰ 事实与神话 | |
| 出版信息: | 上海 上海译文出版社 2011.09 |
|
| 页数: | 354页 | |
| 开本: | 21cm | |
| 丛书名: | ||
| 单 册: | ||
| 中图分类: | C913.68 | |
| 科图分类: | ||
| 主题词: | 妇女--fu nv--问题--研究 | |
| 电子资源: | ||
| ISBN: | 978-7-5327-4966-9 | |
| 000 | 01089nam0 2200253 450 | |
| 001 | 0109110034 | |
| 005 | 20201109162640.55 | |
| 010 | @a978-7-5327-4966-9@dCNY36.00 | |
| 100 | @a20111115e20182011em y0chiy0110 ea | |
| 101 | 1 | @achi@cfre |
| 102 | @aCN@b310000 | |
| 105 | @ay z 000yy | |
| 106 | @ar | |
| 200 | 1 | @a第二性@Adi er xing@hⅠ@i事实与神话@f(法)西蒙娜·德·波伏瓦(Simone de Beauvoir)著@g郑克鲁译 |
| 210 | @a上海@c上海译文出版社@d2011.09@h2018.01 | |
| 215 | @a354页@d21cm | |
| 300 | @a西蒙娜·德·波伏娃作品系列 | |
| 330 | @a本书从生物学、精神分析学和历史唯物主义关于女性的观点出发,剖析女人变成“他者”的原因;随后,通过对人类历史的梳理,深刻地揭示了从原始社会到现今女性的命运;最后,以蒙泰朗、劳伦斯、克洛岱尔、布勒东和司汤达五位著名作家为例,对男性制造的“女性神话”进行分析,探讨男人眼中的女性形象及其体现的思想。 | |
| 606 | 0 | @a妇女@Afu nv@x问题@x研究 |
| 690 | @aC913.68@v5 | |
| 701 | 0 | @c(法)@a波伏瓦@Abo fu wa@c(女, Beauvoir, Simone de@f1908-1986)@4著 |
| 702 | 0 | @a郑克鲁@Azheng ke lu@4译 |
| 801 | 0 | @aCN@bBJSZM@c20201103 |
| 905 | @b1264616-20@dC913.68@e1751:1@f5 | |
| 第二性.Ⅰ.事实与神话/(法)西蒙娜·德·波伏瓦(Simone de Beauvoir)著/郑克鲁译.-上海:上海译文出版社,2011.09(2018.01) |
| 354页;21cm |
| 西蒙娜·德·波伏娃作品系列 |
| ISBN 978-7-5327-4966-9:CNY36.00 |
| 本书从生物学、精神分析学和历史唯物主义关于女性的观点出发,剖析女人变成“他者”的原因;随后,通过对人类历史的梳理,深刻地揭示了从原始社会到现今女性的命运;最后,以蒙泰朗、劳伦斯、克洛岱尔、布勒东和司汤达五位著名作家为例,对男性制造的“女性神话”进行分析,探讨男人眼中的女性形象及其体现的思想。 |
| ● |
| 相关链接 |
|
|
|
|
正题名:第二性
索取号:C913.68/1751:1
 
预约/预借
| 序号 | 登录号 | 条形码 | 馆藏地/架位号 | 状态 | 备注 |
| 1 | 1264616 | 212646163 | 第一样本阅览室/ [索取号:C913.68/1751:1] | 在馆 | |
| 2 | 1264617 | 212646172 | 教育系资料室/ [索取号:C913.68/1751:1] |
已借出,限还日期为2025.12.18 借出人:孙运卓 |
|
| 3 | 1264618 | 212646181 | 教育系资料室/ [索取号:C913.68/1751:1] | 在馆 | |
| 4 | 1264619 | 212646190 | 第一借阅区/ [索取号:C913.68/1751:1] |
已借出,限还日期为2026.06.17 借出人:张迪 |
|
| 5 | 1264620 | 212646207 | 第一借阅区/ [索取号:C913.68/1751:1] |
已借出,限还日期为2026.06.17 借出人:徐靖 |